[Event "Challenge"]
[Site "http://www.queenalice.com/game.php?id=678416"]
[Date "2009.11.5"]
[Round "-"]
[White "youngrome"]
[Black "nickpet"]
[Result "0-1"]
[WhiteElo "1689"]
[BlackElo "1644"]

1. d4 d5 2. Nf3 e6 3. Nc3 c5 4. Bf4 Na6 5. e4 dxe4 6. Nxe4 cxd4 7. Bxa6 bxa6 8.
Nxd4 Qd5 9. f3 f5 10. Nc3 Qd7 11. Nde2 Nf6 12. Qxd7+ Bxd7 13. O-O Bc5+ 14. Kh1
Nd5 15. Nxd5 exd5 16. a3 Bb5 17. Rae1 O-O 18. Nc3 Bxf1 19. Rxf1 Rad8 20. Bg5 Rd7
21. a4 h6 22. Bc1 d4 23. Ne2 Re7 24. Nf4 Rd8 25. Rd1 g5 26. Nd3 Re2 27. Nxc5
Rxc2 28. Nxa6 f4 29. b3 Re2 30. h3 d3 31. Kh2 d2 32. Bxd2 Rexd2 33. Rg1 h5 34.
Nc7 R2d3 35. b4 g4 36. Ne6 Rb8 37. Nxf4 Rd6 38. b5 Rd2 39. hxg4 hxg4 40. fxg4
Rd4 41. g3 Rxa4 42. Rb1 a5 43. Kh3 Rb6 44. g5 Re4 45. Kg2 a4 46. Nd5 Rb7 47. Kf3
Rc4 48. b6 a3 49. Rb3 a2 50. Ra3 Rc2 51. Nb4 Rc3+ 52. Rxc3 a1=Q 53. Rc8+ Kg7 54.
Rc7+ Rxc7 55. bxc7 Qc3+ 0-1

[Event "Challenge"]
[Site "http://www.queenalice.com/game.php?id=679435"]
[Date "2009.11.7"]
[Round "-"]
[White "youngrome"]
[Black "Omar"]
[Result "0-1"]
[WhiteElo "1731"]
[BlackElo "1604"]

1. d4 d5 2. Nf3 h6 3. Nc3 Nf6 4. Bf4 a6 5. Qd3 g6 6. e4 dxe4 7. Nxe4 Nd5 8. Bg3
Bd7 9. Nc3 Nb4 10. Qd2 Bf5 11. Bd3 Bxd3 12. cxd3 e6 13. O-O N8c6 14. a3 Nd5 15.
Ne4 Bg7 16. Ne5 Nxd4 17. Nc3 Nxc3 18. Qxc3 Ne2+ 19. Kh1 Nxc3 20. bxc3 c5 21.
Rfd1 O-O 22. Ng4 f5 23. Ne5 Kh7 24. f4 Qa5 25. c4 b5 26. Ra2 Qa4 27. Rdd2 Rad8
28. h3 Qb3 29. cxb5 Qxb5 30. Nc4 Qb3 31. Ne5 c4 32. Rdb2 Qa4 33. dxc4 Qd1+ 34.
Kh2 Rb8 35. Rd2 Qb1 36. c5 Rfd8 37. Rdc2 Rd1 38. Bf2 g5 39. Nf3 gxf4 40. Ng1 Be5
41. h4 Qb3 42. c6 f3+ 43. Kh1 fxg2+ 44. Kxg2 Rc8 45. Re2 Qd5+ 46. Nf3 Rg8+ 0-1

[Event "DISTRITO DE COLUMBIA"]
[Site "http://www.queenalice.com/game.php?id=679442"]
[Date "2009.11.7"]
[Round "-"]
[White "perucona"]
[Black "youngrome"]
[Result "0-1"]
[WhiteElo "1581"]
[BlackElo "1630"]

1. e4 c5 2. d4 cxd4 3. Qxd4 Nc6 4. Qd5 e6 5. Qd3 Nb4 6. Qe2 Nf6 7. c3 Nc6 8. f4
d6 9. e5 dxe5 10. fxe5 Nd7 11. Nf3 Qc7 12. Na3 Ndxe5 13. Nxe5 Nxe5 14. Bf4 f6
15. Bxe5 fxe5 16. O-O-O Bd7 17. Qh5+ g6 18. Qf3 Bxa3 19. bxa3 O-O-O 20. Kb1 Bc6
21. Qg4 Rxd1+ 22. Kb2 Qb6+ 23. Kc2 Rd6 24. Qb4 Qxb4 25. axb4 Rhd8 26. g3 Bxh1
27. c4 Be4+ 28. Bd3 Rxd3 29. Kb2 Rd2+ 30. Kb3 a6 31. Ka4 b5+ 32. cxb5 Rxa2+ 33.
Kb3 Bd5+ 34. Kc3 Kb7 35. bxa6+ Kxa6 36. h3 Rc8+ 37. Kd3 Ra3+ 38. Kd2 Ra2+ 39.
Kd3 Rcc2 40. Ke3 Rc3# 0-1

[Event "UTAH XXII"]
[Site "http://www.queenalice.com/game.php?id=680786"]
[Date "2009.11.10"]
[Round "-"]
[White "perucona"]
[Black "youngrome"]
[Result "0-1"]
[WhiteElo "1534"]
[BlackElo "1723"]

1. e4 e5 2. d4 exd4 3. Qxd4 Nc6 4. Qd5 Nf6 5. Qd3 Ne5 6. Qe3 d6 7. Nf3 Bd7 8.
Nxe5 dxe5 9. Nc3 c6 10. Bd3 Be7 11. O-O O-O 12. Bd2 Ng4 13. Qf3 Bg5 14. Bxg5
Qxg5 15. h3 Nf6 16. Ne2 Be6 17. Qg3 Qd2 18. Rad1 Qa5 19. f4 Nd7 20. Rf3 Bxa2 21.
Qg4 Nf6 22. Qg5 Qc5+ 23. Kh2 Bc4 24. Rg3 Ne8 25. Bxc4 Qxc4 26. Re1 Qe6 27. fxe5
h6 28. Qg4 Qxe5 29. Nf4 Kh8 30. Nh5 Rg8 31. b4 Rd8 32. c4 Kh7 33. Rf1 Nd6 34. c5
Nxe4 35. Qf5+ Qxf5 36. Rxf5 Nxg3 37. Kxg3 Rd7 38. h4 Re8 39. Nf4 g6 40. Rf6 Kg7
41. Rxf7+ Rxf7 42. Nh3 Re3+ 43. Kh2 Rb3 44. Ng1 Rxb4 45. Ne2 Rf2 46. Nc3 Rbb2
47. Kh3 Rxg2 48. h5 g5 49. Ne4 Rh2+ 50. Kg3 Rhc2 51. Kg4 Rg2+ 52. Kf5 Rbe2 53.
Nd6 Rgf2+ 54. Kg4 Rf4+ 55. Kg3 Re3+ 56. Kg2 Ra3 57. Kg1 Rb4 58. Kf2 Rb2+ 59. Ke1
Ra1# 0-1

[Event "Challenge"]
[Site "http://www.queenalice.com/game.php?id=683435"]
[Date "2009.11.14"]
[Round "-"]
[White "carolsoy"]
[Black "youngrome"]
[Result "0-1"]
[WhiteElo "1470"]
[BlackElo "1803"]

1. e4 e5 2. Nf3 Nf6 3. Nc3 Nc6 4. Bb5 Nd4 5. Nxd4 exd4 6. Nd5 c6 7. Nxf6+ Qxf6
8. Ba4 a5 9. c3 d5 10. exd5 Bd7 11. dxc6 bxc6 12. Qe2+ Qe7 13. Qxe7+ Bxe7 14.
O-O O-O 15. Re1 Bf6 16. d3 dxc3 17. Rb1 Rac8 18. bxc3 Bxc3 19. Re7 Be6 20. Ba3
Rfe8 21. Rxe8+ Rxe8 22. Bxc6 Rc8 23. Be4 Bxa2 24. Rc1 Be6 25. h3 g6 26. g4 Bb4
27. Rxc8+ Bxc8 28. Bb2 Bd7 29. f4 Kf8 30. Kf2 Ke7 31. Ke3 f5 32. gxf5 Bxf5 33.
h4 Be6 34. Kd4 Kd6 35. Ke3 Bf5 36. Bxf5 gxf5 37. Kd4 h5 38. Kc4 Kc6 39. d4 Be1
40. Bc3 Bxh4 41. Bxa5 Bg3 42. Bd2 h4 43. d5+ Kd6 44. Bb4+ Kd7 45. Kc5 h3 46. d6
h2 0-1

[Event "Challenge"]
[Site "http://www.queenalice.com/game.php?id=685819"]
[Date "2009.11.19"]
[Round "-"]
[White "talisman77"]
[Black "youngrome"]
[Result "0-1"]
[WhiteElo "1799"]
[BlackElo "1703"]

1. d4 Nf6 2. c4 c6 3. Nc3 d5 4. e3 e6 5. Nf3 Nbd7 6. cxd5 Nxd5 7. Bc4 a6 8. O-O
Bd6 9. Ne2 N7b6 10. Qd3 Nxc4 11. Qxc4 Nb6 12. Qc2 O-O 13. b3 Nd5 14. Bd2 b5 15.
Qxc6 Nb6 16. Ba5 Rb8 17. Rfc1 Bb7 18. Qxb6 Qxb6 19. Bxb6 Bxf3 20. gxf3 Rxb6 21.
Ng3 e5 22. Rd1 exd4 23. Rxd4 Be5 0-1

[Event "WEST VIRGINIA XV"]
[Site "http://www.queenalice.com/game.php?id=687726"]
[Date "2009.11.24"]
[Round "-"]
[White "perucona"]
[Black "youngrome"]
[Result "0-1"]
[WhiteElo "1539"]
[BlackElo "1732"]

1. e4 d5 2. e5 e6 3. d4 c5 4. dxc5 Bxc5 5. Be3 Bxe3 6. fxe3 Qh4+ 7. g3 Qe4 8.
Bg2 Qxg2 9. Qf3 Qxf3 10. Nxf3 Ne7 11. Nc3 Bd7 12. O-O-O O-O 13. Nd4 a6 14. Nce2
Nbc6 15. Rhf1 Nxd4 16. Nxd4 Ng6 17. e4 dxe4 18. Rde1 Bb5 19. Nxb5 axb5 20. Re3
Rxa2 21. b4 Ra1+ 22. Kd2 Rxf1 23. Rxe4 Rd8+ 24. Kc3 Rf3+ 25. Kb2 Rf5 26. g4 Rxe5
27. Rxe5 Nxe5 28. g5 Rd2 29. h4 Nc4+ 30. Kc3 Rh2 31. h5 Rxh5 32. g6 Rh3+ 33. Kd4
e5+ 34. Ke4 f6 35. Kf5 hxg6+ 36. Kg4 Rc3 37. Kh4 e4 38. Kg4 Rxc2 39. Kf4 e3 40.
Kf3 e2 41. Kf2 Kh7 42. Ke1 Kh6 43. Kf2 Kh5 44. Ke1 g5 45. Kf2 Kh4 46. Ke1 g4 47.
Kf2 Kh3 48. Ke1 Ra2 49. Kf2 g3+ 50. Ke1 Ra1+ 51. Kxe2 g2 52. Kf3 g1=Q 53. Ke4
Qg4+ 54. Kd5 Qd7+ 55. Ke4 Re1+ 56. Kf4 Qd4+ 57. Kf5 Rf1+ 58. Ke6 Qd6+ 59. Kf7
Ne5+ 60. Kxg7 Rg1+ 61. Kh6 f5+ 62. Kh7 Qg6+ 63. Kh8 Qg8# 0-1

[Event "Challenge"]
[Site "http://www.queenalice.com/game.php?id=689072"]
[Date "2009.11.26"]
[Round "-"]
[White "josealexandreschultz"]
[Black "youngrome"]
[Result "0-1"]
[WhiteElo "1551"]
[BlackElo "1738"]

1. e4 c5 2. Nf3 Nc6 3. d4 g6 4. dxc5 Qa5+ 5. Nc3 Qxc5 6. Be3 Qa5 7. Be2 Bg7 8.
Bd2 Qd8 9. O-O d6 10. Rb1 Nf6 11. a3 O-O 12. Bd3 b6 13. Ne2 Bb7 14. Ng3 e6 15.
c3 Ne5 16. Nxe5 dxe5 17. Bc2 Ba6 18. Re1 Qd7 19. Qc1 Rfd8 20. Be3 Qc7 21. h3
Rac8 22. Bd2 Bb7 23. Bg5 Rd6 24. b3 Qxc3 25. Rb2 Rcd8 26. f3 Qc5+ 27. Be3 Qxa3
28. Kh2 Ba8 29. Qb1 Qb4 30. Ra2 a5 31. Ra4 Qb5 32. Rc4 Rc6 33. Rxc6 Qxc6 34. b4
Qb5 35. bxa5 Qxb1 36. Rxb1 bxa5 37. Bb6 Rb8 38. Bxa5 Rxb1 39. Bxb1 Nd7 40. Ne2
Nc5 41. Nc3 Nb3 42. Bb4 Bc6 43. Ba2 Nd4 44. Bb1 Bb7 45. Bc5 Ba6 46. Na2 Nc6 47.
Nb4 Nxb4 48. Bxb4 Bc4 49. Kg3 f5 50. exf5 exf5 51. f4 e4 52. Kf2 Bd4+ 53. Ke1
Kg7 54. Bc2 Kh6 55. Bd1 Be3 56. g3 Bd4 57. Be2 Bxe2 58. Kxe2 Kh5 59. Bd2 h6 60.
Be3 Bb2 61. Kf2 g5 62. fxg5 hxg5 63. Kg2 Be5 64. Bf2 f4 65. gxf4 gxf4 66. h4 Kg4
67. Kf1 Bf6 0-1

[Event "Challenge"]
[Site "http://www.queenalice.com/game.php?id=689620"]
[Date "2009.11.27"]
[Round "-"]
[White "mrbabu"]
[Black "youngrome"]
[Result "0-1"]
[WhiteElo "1746"]
[BlackElo "1710"]

1. e4 d5 2. exd5 Qxd5 3. Nc3 Qd8 4. d4 e6 5. Nf3 Nf6 6. Bg5 Be7 7. Be2 Nbd7 8.
Qd2 O-O 9. a3 c6 10. O-O-O b5 11. Ne5 Bb7 12. Nxd7 Qxd7 13. Qe3 a6 14. Bxf6 Bxf6
15. Ne4 Be7 16. Nc5 Qc7 17. Nxb7 Qxb7 18. Bf3 Rad8 19. g4 Rc8 20. h4 Qc7 21. g5
c5 22. d5 exd5 23. Bxd5 c4 24. c3 Bc5 25. Qe2 Qf4+ 26. Kb1 Qxf2 27. Qh5 Qf5+ 28.
Ka1 Qg6 29. Qg4 h5 30. Qd7 Rb8 31. Rhf1 a5 32. Rf3 b4 33. Rdf1 bxa3 34. bxa3 Qc2
35. Bxf7+ Kh8 0-1

[Event "Challenge"]
[Site "http://www.queenalice.com/game.php?id=690157"]
[Date "2009.11.28"]
[Round "-"]
[White "sunking"]
[Black "youngrome"]
[Result "0-1"]
[WhiteElo "1719"]
[BlackElo "1738"]

1. d4 c6 2. c4 Nf6 3. c5 d6 4. cxd6 exd6 5. Nc3 d5 6. Bg5 Bf5 7. Bxf6 Qxf6 8.
Nf3 Bb4 9. a3 Ba5 10. e3 Nd7 11. b4 Bb6 12. g3 Bg4 13. Be2 Bh3 14. Kd2 Qh6 15.
Kc1 Bc7 16. Qd2 Nf6 17. e4 Qxd2+ 18. Nxd2 dxe4 19. Ndxe4 Nxe4 20. Nxe4 Bg2 21.
Rg1 Bxe4 22. f3 Bd5 23. f4 Bb6 24. Re1 O-O 25. Bg4 Bxd4 26. Rb1 Ba2 27. Rd1 Be3+
28. Kc2 Bxb1+ 29. Kxb1 Rad8 30. Re1 Rfe8 31. Bf5 g6 32. Bc2 Bb6 33. Rxe8+ Rxe8
34. Kb2 Re2 35. Kc3 Rxh2 36. Kd3 Rg2 37. Kc3 Rxg3+ 38. Kb2 h5 39. f5 Kg7 40.
fxg6 fxg6 41. Ka2 h4 42. Kb2 h3 43. Kc1 h2 44. Be4 Rg1+ 45. Kd2 h1=Q 46. Bxh1
Rxh1 47. Kc3 g5 48. a4 g4 49. a5 Bc7 50. Kd3 g3 51. Ke3 g2 52. Kf2 g1=Q+ 53. Ke2
Qg4+ 54. Ke3 Qf4+ 55. Kd3 Rh3+ 56. Kc2 Qf2+ 0-1

[Event "Challenge"]
[Site "http://www.queenalice.com/game.php?id=692553"]
[Date "2009.12.3"]
[Round "-"]
[White "youngrome"]
[Black "Sigmund"]
[Result "1-0"]
[WhiteElo "1727"]
[BlackElo "1780"]

1. Nf3 d5 2. d4 Nf6 3. Bf4 Nc6 4. e3 Bd7 5. c4 Nb4 6. a3 Nc6 7. Nc3 e6 8. Bd3
Qe7 9. Nb5 O-O-O 10. c5 Nh5 11. Bxc7 Re8 12. O-O a6 13. Bd6 Qf6 14. Bxf8 Rexf8
15. Nd6+ Kb8 16. Qb3 Na5 17. Qb6 Qd8 18. Qxd8+ Rxd8 19. Nxf7 Nc6 20. b4 b5 21.
cxb6 Kb7 22. Rab1 Kxb6 23. a4 Rb8 24. a5+ Nxa5 25. bxa5+ Kxa5 26. Nxh8 1-0

[Event "Challenge"]
[Site "http://www.queenalice.com/game.php?id=693728"]
[Date "2009.12.6"]
[Round "-"]
[White "Dorges"]
[Black "youngrome"]
[Result "1-0"]
[WhiteElo "1809"]
[BlackElo "1821"]

1. e4 d5 2. Nc3 d4 3. Na4 e5 4. Nf3 Bd6 5. b3 Nf6 6. d3 b5 7. Nb2 Nbd7 8. a4 c6
9. Bd2 Bb7 10. c4 a6 11. h3 Qe7 12. Nh4 Bc7 13. Nf5 Qf8 14. Be2 Ng8 15. O-O Ne7
16. Bg4 Nxf5 17. Bxf5 Nf6 18. Qe1 Bd6 19. f3 Qe7 20. h4 Bc8 21. Bxc8 Rxc8 22.
Qg3 g6 23. Qh3 Qd7 24. Qxd7+ Nxd7 25. axb5 cxb5 26. Rxa6 Be7 27. g3 O-O 28. Rfa1
Nc5 29. Ra7 Nxb3 30. Rd1 bxc4 31. Nxc4 Nxd2 32. Rxd2 Bc5 33. Ra6 Rfe8 34. Rb2
Bf8 35. Rb5 Bg7 36. Rb7 Ra8 37. Raa7 Rxa7 38. Rxa7 Bf6 39. Nd6 Re7 40. Ra8+ Kg7
41. Ne8+ Rxe8 42. Rxe8 g5 43. hxg5 Bxg5 44. Kg2 Bf6 45. f4 exf4 46. gxf4 Bh4 47.
Kh3 Bf2 48. Kg4 f6 49. Kf5 Kf7 50. Re6 Bh4 51. e5 fxe5 52. fxe5 Bg3 53. Rc6 h5
54. Rc7+ Kg8 55. Kg6 h4 56. Rc8# 1-0

[Event "Challenge"]
[Site "http://www.queenalice.com/game.php?id=697224"]
[Date "2009.12.12"]
[Round "-"]
[White "youngrome"]
[Black "Knight1"]
[Result "0-1"]
[WhiteElo "1754"]
[BlackElo "1754"]

1. e4 e5 2. Nf3 Nc6 3. Bc4 Nf6 4. Ng5 d5 5. exd5 Nd4 6. d6 Qxd6 7. Bxf7+ Ke7 8.
c3 h6 9. cxd4 hxg5 10. Bc4 exd4 11. Qe2+ Kd8 12. d3 b5 13. Bb3 Rxh2 14. Rxh2
Qxh2 15. Qf1 Bb7 16. f3 a5 17. Bxg5 Qe5+ 18. Qe2 Qxg5 19. Nd2 Ra6 20. Kf2 Bb4
21. Nf1 Ng4+ 22. fxg4 Qh4+ 23. Ng3 Rf6+ 24. Kg1 Qxg3 25. a3 Bd6 0-1

[Event "Challenge"]
[Site "http://www.queenalice.com/game.php?id=702415"]
[Date "2009.12.23"]
[Round "-"]
[White "SloVice"]
[Black "youngrome"]
[Result "1-0"]
[WhiteElo "1775"]
[BlackElo "1753"]

1. e4 e5 2. f4 exf4 3. Bc4 d5 4. exd5 Nf6 5. Nc3 Bg4 6. Nf3 Bc5 7. h3 Bh5 8.
Qe2+ Qe7 9. Qxe7+ Kxe7 10. d3 Re8 11. Bxf4 Bb6 12. O-O-O Kf8 13. d6 c6 14. g4
Bg6 15. Ne5 Nbd7 16. Nxg6+ hxg6 17. Rde1 Bf2 18. Rxe8+ Rxe8 19. Rh2 Be3+ 20.
Bxe3 Rxe3 21. g5 Ne8 22. Kd2 Rg3 23. Ne4 Rf3 24. Ke2 Rf5 25. Rf2 b5 26. Bb3
Rxf2+ 27. Kxf2 f6 28. d4 f5 29. Nc5 Nxc5 30. dxc5 a6 31. Kf3 1-0

[Event "Challenge"]
[Site "http://www.queenalice.com/game.php?id=702456"]
[Date "2009.12.23"]
[Round "-"]
[White "goldwing"]
[Black "youngrome"]
[Result "0-1"]
[WhiteElo "1787"]
[BlackElo "1806"]

1. e4 Nc6 2. d4 d5 3. e5 a6 4. Bg5 Bf5 5. h3 Qd7 6. g4 Be4 7. f3 Bg6 8. f4 h6 9.
Bh4 Be4 10. Nf3 e6 11. a3 Nge7 12. Bd3 Ng6 13. Bg3 Bxf3 14. Qxf3 Nxd4 15. Qd1
Nc6 16. Nd2 Be7 17. h4 Bc5 18. Nb3 Bb6 19. Qe2 Nd4 20. Nxd4 Bxd4 21. c3 Ba7 22.
O-O-O Qa4 23. Bb1 Ne7 24. Ba2 O-O-O 25. Rd4 Bxd4 26. cxd4 Qxd4 27. Rd1 Qc5+ 28.
Kb1 Nc6 29. Bf2 Qb5 30. Qe1 Rd7 31. Rc1 Qa5 32. Qxa5 Nxa5 33. Bb6 Nc6 34. Bb3
cxb6 35. Bd1 Kb8 36. b4 Rc8 37. Rc2 Nd4 38. Rd2 Nb5 39. Kb2 Rc4 40. Be2 Rxf4 41.
Bxb5 axb5 42. Rg2 Re4 43. Kc3 Rc7+ 44. Kd3 Rxe5 45. g5 hxg5 46. Kd4 Re4+ 47. Kd3
g4 48. h5 Rcc4 49. h6 gxh6 50. Rf2 f5 51. Rh2 e5 52. Rxh6 Ka7 53. Rf6 Red4+ 54.
Ke3 f4+ 55. Ke2 Rc2+ 56. Ke1 Ra2 57. Rf5 g3 58. Rxe5 Re4+ 59. Kf1 Rxe5 60. Kg1
Re1# 0-1

[Event "Challenge"]
[Site "http://www.queenalice.com/game.php?id=705298"]
[Date "2009.12.29"]
[Round "-"]
[White "sunking"]
[Black "youngrome"]
[Result "0-1"]
[WhiteElo "1621"]
[BlackElo "1740"]

1. d4 d5 2. Nc3 Nf6 3. Nf3 g6 4. Ne5 Bg7 5. g3 Ng4 6. e4 c6 7. Bh3 Nxe5 8. dxe5
Bxh3 9. exd5 O-O 10. e6 fxe6 11. dxe6 Qxd1+ 12. Nxd1 Bxe6 13. O-O Bc4 14. Re1 e5
15. Ne3 Be6 16. c4 Nd7 17. b3 e4 18. f4 exf3 19. Kf2 Bxa1 20. Ba3 c5 21. Rxa1 b6
22. b4 cxb4 23. Bxb4 Rfc8 24. Rc1 Ne5 25. h4 Nxc4 26. Rc3 Ne5 27. a3 Rxc3 28.
Bxc3 Nc4 29. a4 Rc8 30. Kxf3 Nxe3 31. Kxe3 Rxc3+ 32. Kf4 Kf7 33. g4 Rc4+ 34. Kg3
Rxg4+ 35. Kf3 Rxa4 36. Kg3 Rc4 37. Kf3 a5 38. Kg3 a4 39. Kf3 a3 40. Kg3 a2 0-1

[Event "Happy 2010"]
[Site "http://www.queenalice.com/game.php?id=707366"]
[Date "2010.1.2"]
[Round "-"]
[White "Gorgona"]
[Black "youngrome"]
[Result "0-1"]
[WhiteElo "1849"]
[BlackElo "1770"]

1. e4 e5 2. f4 Bc5 3. Nf3 d6 4. b4 Bxb4 5. c3 Bc5 6. d4 exd4 7. cxd4 Bb6 8. Bc4
Bg4 9. Bxf7+ Kxf7 10. Ng5+ Qxg5 11. fxg5 Bxd1 12. Kxd1 Bxd4 13. Nc3 Bxc3 14. Rb1
b6 15. Rf1+ Ke8 16. Rb3 Be5 17. h4 Ne7 18. Rbf3 Nbc6 19. g4 Kd7 20. h5 Rhf8 21.
Rxf8 Rxf8 22. Rxf8 Nd4 23. Bf4 Ne6 24. Bxe5 Nxf8 25. Bxg7 Ne6 26. Bf6 Ng8 0-1

[Event "Happy 2010"]
[Site "http://www.queenalice.com/game.php?id=707367"]
[Date "2010.1.2"]
[Round "-"]
[White "youngrome"]
[Black "Gorgona"]
[Result "1-0"]
[WhiteElo "1789"]
[BlackElo "1746"]

1. e4 c5 2. Nf3 d6 3. d4 Nf6 4. Nc3 cxd4 5. Nxd4 e5 6. Nf3 Nc6 7. Bc4 h6 8. a3
Be7 9. Nd5 Nxe4 10. O-O O-O 11. Nd2 Nxd2 12. Bxd2 a6 13. Qh5 Be6 14. Nxe7+ Qxe7
15. Bd3 f5 16. Bxh6 gxh6 17. Qxh6 Qg7 18. Qxe6+ Kh8 19. Rab1 Rf6 20. Qd5 e4 21.
Be2 Rg8 22. g3 Ne5 23. f4 Rh6 24. Rf2 Ng4 25. Bxg4 Qxg4 26. Qd1 Qg7 27. Rg2 Rd8
28. Qd5 Qd7 29. Qd4+ Kh7 30. Rd1 1-0

[Event "Challenge"]
[Site "http://www.queenalice.com/game.php?id=708682"]
[Date "2010.1.5"]
[Round "-"]
[White "jpfaro"]
[Black "youngrome"]
[Result "0-1"]
[WhiteElo "1837"]
[BlackElo "1751"]

1. e3 e5 2. g3 d5 3. b3 Nf6 4. Bb2 Bd6 5. c4 Be6 6. Bg2 Nc6 7. cxd5 Bxd5 8. Bxd5
Nxd5 9. Qg4 Qf6 10. Nf3 O-O 11. a3 Rad8 12. h4 Qg6 13. Qg5 Qxg5 14. hxg5 Na5 15.
b4 Nb3 16. Ra2 c5 17. e4 Nc7 18. a4 cxb4 19. Nxe5 Bxe5 20. Bxe5 Ne6 21. f4 Ned4
22. Rf1 Nc6 23. Rb2 Nxe5 24. fxe5 Nd4 25. d3 a5 26. Nd2 Ne6 27. Nf3 Rxd3 28. Kf2
Rfd8 29. Rc1 g6 30. Ke2 Kg7 31. Rcc2 h6 32. gxh6+ Kxh6 33. Kf2 Nd4 34. Nxd4
R3xd4 35. Kf3 R4d7 36. Rh2+ Kg7 37. Kf4 Rd1 38. g4 Ra1 39. g5 Rxa4 40. Rh6 Ra1
41. Rbh2 Rf1+ 42. Ke3 b3 43. Rh7+ Kf8 44. e6 b6 45. Ke2 b2 46. Kxf1 b1=Q+ 47.
Kg2 Qxe4+ 48. Kf2 Qxe6 49. Rh8+ Ke7 0-1

[Event "Challenge"]
[Site "http://www.queenalice.com/game.php?id=709340"]
[Date "2010.1.6"]
[Round "-"]
[White "youngrome"]
[Black "OnlyJoking"]
[Result "0-1"]
[WhiteElo "1747"]
[BlackElo "1774"]

1. e4 g6 2. d4 Bg7 3. Nf3 d6 4. Nc3 c6 5. Bc4 b5 6. Bb3 a5 7. a3 a4 8. Ba2 Bb7
9. Bb1 Qd7 10. Ne2 Nf6 11. c3 e6 12. Bf4 O-O 13. O-O Na6 14. Ng3 Nc7 15. Re1
Rfe8 16. e5 dxe5 17. Nxe5 Qd8 18. Nxc6 Bxc6 19. Qd2 Qd5 20. f3 Re7 21. Ba2 Qd7
22. Bh6 Bd5 23. Bxg7 Kxg7 24. Bb1 Rae8 25. Be4 e5 26. Bxd5 Qxd5 27. Ne4 exd4 28.
Nxf6 Rxe1+ 29. Rxe1 Rxe1+ 30. Qxe1 Kxf6 31. Qh4+ Kg7 32. Qxd4+ Qxd4+ 33. cxd4 f5
34. Kf2 Nd5 35. g3 g5 36. h3 h5 37. Ke2 f4 38. gxf4 Nxf4+ 39. Ke3 Nxh3 40. Ke4
Nf4 41. Kf5 h4 42. Kxg5 h3 0-1

[Event "AUTO-OPEN-1704"]
[Site "http://www.queenalice.com/game.php?id=730195"]
[Date "2010.2.11"]
[Round "2"]
[White "maluca"]
[Black "youngrome"]
[Result "0-1"]
[WhiteElo "2008"]
[BlackElo "1809"]

1. e4 c5 2. Nf3 d6 3. Bb5+ Bd7 4. Bxd7+ Nxd7 5. O-O g6 6. Nc3 Bg7 7. d4 Ngf6 8.
Bg5 O-O 9. e5 dxe5 10. Nxe5 Nxe5 11. dxe5 Ne8 12. Qxd8 Rxd8 13. Bxe7 Nc7 14. f4
Ne6 15. Bxd8 Rxd8 16. Rad1 Nd4 17. Nb5 a6 18. Nxd4 cxd4 19. b4 b5 0-1

[Event "AUTO-OPEN-1704"]
[Site "http://www.queenalice.com/game.php?id=730196"]
[Date "2010.2.11"]
[Round "2"]
[White "youngrome"]
[Black "maluca"]
[Result "0-1"]
[WhiteElo "1805"]
[BlackElo "2272"]

1. d4 Nf6 2. Nf3 d5 3. Bf4 Nc6 4. Nbd2 Bg4 5. c3 e6 6. e3 Bd6 7. Bg3 O-O 8. Bd3
Bxg3 9. fxg3 e5 10. dxe5 Nxe5 11. Be2 Ng6 12. Qa4 Qe7 13. Qf4 Nxf4 14. gxf4 Qxe3
0-1

[Event "AUTO-OPEN-1704"]
[Site "http://www.queenalice.com/game.php?id=730199"]
[Date "2010.2.11"]
[Round "2"]
[White "li2carpio"]
[Black "youngrome"]
[Result "1-0"]
[WhiteElo "2064"]
[BlackElo "1803"]

1. e4 e5 2. Nf3 d6 3. Bc4 Bg4 4. h3 Bh5 5. Nc3 Nf6 6. g4 Bg6 7. d3 Nc6 8. a3 Be7
9. Bg5 h6 10. Bh4 Nd4 11. Nxd4 exd4 12. Ne2 c5 13. Bg3 Qa5+ 14. c3 O-O 15. O-O
Rad8 16. Nf4 Bh7 17. Kg2 Qc7 18. h4 d5 19. exd5 Qc8 20. g5 hxg5 21. hxg5 Ng4 22.
g6 Bd6 23. gxh7+ Kxh7 24. Rh1+ Nh6 25. Qf3 Kg8 26. Rh3 Qf5 27. Rah1 Bxf4 28.
Qxf4 1-0

[Event "AUTO-OPEN-1704"]
[Site "http://www.queenalice.com/game.php?id=730200"]
[Date "2010.2.11"]
[Round "2"]
[White "youngrome"]
[Black "li2carpio"]
[Result "1-0"]
[WhiteElo "1833"]
[BlackElo "1966"]

1. d4 d5 2. Nf3 Nf6 3. Bf4 e6 4. e3 Bd6 5. Bg3 O-O 6. Be2 Nc6 7. Nbd2 a6 8. O-O
Bd7 9. c3 Rc8 10. Ne5 Bxe5 11. dxe5 Ne8 12. Nf3 f6 13. Bh4 Qe7 14. Qb3 b5 15.
Bd3 Qf7 16. exf6 Nxf6 17. Nd4 Qh5 18. Bg3 Kh8 19. Qc2 Nxd4 20. exd4 c5 21. Bd6
Rfe8 22. Bxc5 Ng8 23. Bd6 Bc6 24. Be2 Qg5 25. Rad1 Nf6 26. Be5 Rf8 27. Qd2 Ne4
28. Qxg5 Nxg5 29. Bg4 Bd7 30. Bd6 Rf7 31. Rfe1 Ne4 32. Bg3 Nxg3 33. fxg3 Rf6 34.
Rf1 Rcf8 35. Rxf6 Rxf6 36. Rf1 Rxf1+ 37. Kxf1 Kg8 38. Kf2 Kf7 39. Ke3 Kf6 40.
Kf4 g6 41. h3 g5+ 42. Ke3 Be8 43. h4 Bf7 44. Bf3 h6 45. hxg5+ hxg5 46. Bg4 e5
47. Bc8 a5 48. Bd7 b4 49. cxb4 axb4 50. a3 bxa3 51. bxa3 e4 52. a4 Ke7 53. Bb5
Kd6 54. a5 Kc7 55. Kd2 Be6 56. Be2 Kc6 57. Kc3 Bc8 58. Kb4 Bd7 59. a6 Kb6 60. a7
Kxa7 61. Kc5 Be6 62. Kd6 Bg8 63. Ke5 Kb6 64. Kf5 Ka5 65. Kxg5 Kb4 66. Kf4 Kc3
67. Ke3 Kc2 68. g4 Be6 69. g5 Bf7 70. Bg4 Kc3 71. Bf5 Bg8 72. Bg6 Kc4 73. Be8
Kc3 74. g6 Kc2 75. Bf7 1-0

[Event "Challenge"]
[Site "http://www.queenalice.com/game.php?id=759129"]
[Date "2010.4.10"]
[Round "-"]
[White "ORNELAS"]
[Black "youngrome"]
[Result "0-1"]
[WhiteElo "1690"]
[BlackElo "1797"]

1. b3 e5 2. Bb2 Nc6 3. d3 Nf6 4. Nd2 d5 5. g3 Bc5 6. e3 Bg4 7. Qc1 d4 8. Bg2 Qd7
9. e4 Bb4 10. a3 Bc3 11. Bxc3 dxc3 12. Ndf3 Bxf3 13. Nxf3 Qd6 14. O-O Nd4 15.
Nxd4 Qxd4 16. Qg5 O-O 17. a4 h6 18. Qf5 Rfd8 19. Rfe1 Ne8 20. Bf3 Nd6 21. Qh3
Qc5 22. Re2 Qc6 23. Bh5 Rf8 24. Qg4 Qe8 25. Qh3 Qe7 26. Re3 Rad8 27. Rf3 Qg5 28.
Bg4 Qd2 29. Be6 fxe6 30. Qxe6+ Nf7 31. Kg2 Qxc2 32. Rf1 Qd2 33. Rf5 c2 34. Rxe5
c1=Q 35. Rxc1 Qxc1 36. Rf5 Qc6 37. Qxc6 bxc6 38. Rc5 Rxd3 39. Rxc6 Rxb3 40. Rxc7
Ra8 41. Re7 Kf8 42. Re6 a5 43. h4 Rb4 44. f3 Rxa4 45. g4 Rd4 46. Kg3 a4 47. e5
a3 48. h5 Rda4 49. f4 R4a6 50. f5 Rxe6 51. fxe6 Nxe5 52. Kf4 Nc6 53. Kf5 a2 54.
Kg6 a1=Q 55. g5 hxg5 56. Kh7 g6 57. h6 Ra7+ 58. Kxg6 Rg7+ 59. hxg7+ Qxg7+ 60.
Kh5 Ke7 61. Kg4 Ne5+ 62. Kg3 g4 63. Kg2 Qg5 64. Kg3 Kxe6 65. Kg2 Qf4 66. Kg1 Qf3
67. Kh2 Qh3+ 68. Kg1 Qg3+ 69. Kf1 Nf3 70. Ke2 Qg2+ 71. Kd3 g3 72. Kc4 Qd2 73.
Kb5 g2 74. Kb6 g1=R 75. Kb5 Rc1 76. Kb6 Qb2+ 77. Ka7 Ra1# 0-1